Tatsuki Fujimoto's Works - Statistics

General Stats
  • This quiz has been taken 14 times
  • The average score is 4 of 6
Answer Stats
Hint Answer % Correct
(2018 - ) Follows the Story of Denji, an Impoverished Orphan Who Fuses With His Pet Devil Pochita After an Encounter with a Devil Leaves Him Near Death. He Joins The Public Safety Devil Hunters to Help Protect From The Devils and Hunt Down the Gun Devil. It Received an Incredibly Popular First Season in 2022 Along With An Incredible Movie Adaptation of the Next Arc in 2025 Chainsaw Man
100%
(2016 - 2018) A World Plunged Into and Endless Winter With People Who Wield Abilities Known as 'Blessings'. The Protagonist is a Boy Named Agni With a Regenerating Blessing Who is Set Alight by a Flame Wielding Blessed and the Story Follows His Need For Revenge Fire Punch
92%
(2021) An Aspiring Manga Artist, Ayumu Fujino is Driven by Rivalry and Friendship With a Socially Anxious Classmate to Improve her Manga Drawing Skills. It Has Received an Anime Movie in 2024 and Will Receive a Live Action Adaptation in 2026 Look Back
83%
(2022) With a Terminally Ill Mother, Yuta Tries To Capture Her Last Days on His Phone. After Her Death, He attempts Suicide But a Meeting With a Strange Girl Changes the Course and Leads Him to Making a Movie Goodbye, Eri
75%
(2024) A Student Uploads a Video To Youtube WIth A Confession to His Crush Only to be Rejected. The Video Goes Viral After a Ghost is Spotted and The Student Tries to Chase This Fame Just Listen To The Song
33%
(2021) A Collection of Short Stories Written By Tatsuki Fujimoto Prior to The Release and Subsequent Popularity Boost of the Former Series Tatsuki Fujimoto Before Chainsaw Man
17%
No matching quizzes found
Score Distribution
Percent of People with Each Score
Percentile by Number Answered
Your Score History
You have not taken this quiz